000
00215 a2200097 4500
001
14091
100
_a
Malone, R.L
245
_a
Reading english objethively
260
_a
London
_b
Macmillan
_c
090
_c
11036
_d
11036
942
_a
NUST-CAE
_c
M
_c
1155
999
_c
249164
_d
249164